000 01033nam a2200229Ia 4500
003 IN-BaIIA
008 211028s9999 xx 000 0 eng d
020 _a0-933485-11-5
040 _cIIA Library
080 _a524.64(063)
_bTHE
111 _aMeeting on the Gravitational Force Perpendicular to the Galactic Plane
_cConnecticut
_d1989 May 19-20
_918958
245 4 _aThe gravitational force perpendicular to the galactic plane
_bproceedings of a meeting held at the Center for Galactic Astronomy, Western Connecticut State University in Danbury, Connecticut, May 19-20, 1989
_cedited by A. G. D. Philip and Philip K. Lu
260 _aNew York
_bL. Davis Press
_c1989
300 _ax, 182p.
490 _aVan Vleck observatory contribution; no. 9
650 _aAstronomy and astrophysics thesaurus
650 _aGalactic plane
_918959
700 _aDavis Philip, A. G., ed.
_912444
700 _aLu, Philip K., ed.
_918960
710 _aVan Vleck Observatory 
_918961
942 _cBK
999 _c11059
_d11059